Monument : Le Manneken Pis - Statistiques

Statistiques générales
  • Ce quiz a été pris 20 fois
  • Le résultat moyen est 9 sur 20
Statistiques - réponses
Question Réponse % Correct
Le Manneken Pis se trouve à Bruxelles
89%
Le Manneken Pis se trouve tout près de la grand-place
89%
Le Manneken Pis est en bronze
78%
Le pendant féminin du Manneken Pis s'appelle Jeanneke Pis
78%
Le pendant canin du Manneken Pis s'appelle Zinneke Pis
78%
Le Manneken Pis mesure en hauteur... 55 cm
67%
Qu'est ce qui n'est PAS arrivé au Manneken Pis ? Il a été fondu en 1916 par les Allemands
67%
Cette statue a été créée en ... par Jérôme Duquesnoy 1620
56%
L'UNESCO... n'a pas inscrit le Manneken Pis
56%
La Manneken Pils est une bière blonde
44%
Le Manneken Pis est gaucher
44%
Le Manneken Pis possède plus de 1000 tenues mais il n'en a pas de... Douanier français
33%
En France, il existe trois copies du Manneken Pis, quelle commune n'en a pas ? Sainte-Adresse
33%
Le Manneken Pis est inscrit sur la liste des "biens classés" en Belgique depuis 1975
22%
En 1890, lors d'une fête locale, on a fait couler du Manneken Pis du vin et de la bière
22%
Le Manneken Pis est le monument belge le plus copié au monde, on ne peut cependant PAS le voir... en Suède
22%
Le pays qui possède le plus de copies du Manneken Pis est le Japon
22%
Le Manneken Pis est parfois appelé par les Bruxellois d'un autre nom par confusion avec une statue disparue. Quel est ce nom ? Le petit Julien
22%
Le Manneken Pis actuellement visible est une copie de l'original et ceci depuis 1966
11%
Bruxelles et une autre ville belge qui dispose d'une statue semblable se disputent la primeur de l'idée d'une telle statue. Quelle est l'autre ville ? Grammont
11%
Aucun quiz correspondant
Distribution des résultats
% des personnes avec chaque résultat
Percentile par nombre de réponses
Votre historique - résultats
Vous n’avez pas pris ce quiz